Responses for show #3783 - Wednesday, January 31, 2001

Contestants

[<< previous game]

Mark Stacy, a newspaper copy editor from Morgantown, West Virginia

Rob Vernon, a health care systems specialist from New Milford, New Jersey

Cara Colbert, a billing analyst from Austin, Texas (whose 1-day cash winnings total $2,900)

[next game >>]

Jeopardy! Round responses

THE DATING GAME
(Alex: We want you to name the year.)
HOLLYWOOD SQUARES
SUPERMARKET SWEEP
WHAT'S MY LINE?
THE MATCH GAME
"WHEEL" OF FORTUNE
    $100 26
(Mark: What is 1999?)

2000

CaraMark
    $100 21
Woody Harrelson

Cara
    $100 1
Pepsi

Mark
    $100 6
Tom Sawyer

Mark
    $100 11
a piano

Cara
    $100 13
a wheelie

Cara
    $200 27
1956

Rob
    $200 22
Ned Flanders

Cara
    $200 2
Twinkies

Cara
    $200 7
(Mark: What is Moby-Dick?)

Captain Ahab

CaraMark
    $200 12
New York

Mark
    $200 14
(Rob: WOF for $300.)
(Alex: Whoa, hang on just a second. I have to take a break because a man out there standing next to the camera is doing one of these [a "C" hand-signal] to me, so that means we pause for one of these [the sign again]--a commercial!)

Hot Wheels

Rob
    $300 28
1968

Mark
    $300 23
(Alex: Less than a minute to go in the round.)

Don Knotts

Mark
    $300 3
Oreos (for Oreo O's)

Cara
    $300 8
Oliver Twist

Rob
    $300 18
horns

Mark
    $300 15
Wheelbarrow Race

Cara
    $400 29
1995

Triple Stumper
    $400 24
Gilda Radner

Mark
    $400 4
Aunt Jemima

Rob
    $1,200 9
Lord of the Flies

Rob
    $400 19
the Nobel Peace Prize

Rob
    $400 16
a Ferris Wheel

Rob
    $500 30
(Mark: What is 1980?)
[Hostages released as soon as Ronald Reagan became president on January 20.]

1981

RobMark
    $500 25
Family Matters

Cara
    $500 5
Trident

Rob
    $500 10
Crime and Punishment

Triple Stumper
    $500 20
oysters

Triple Stumper
    $500 17
wheeler-dealer

Mark

Scores at the first commercial break (after clue 14):

Cara Rob Mark
$900 $2,600 $200

Scores at the end of the Jeopardy! Round:

Cara Rob Mark
$2,100 $4,100 $1,400

Double Jeopardy! Round responses

RELIGION
TRUSTY SIDEKICKS
(Alex: We'll give you a sidekick, you identify the partner.)
SINGERS WHO ACT
U.S. CITIES
THEY BITE, THEY STING
(Alex: You have to identify them.)
AFTER AFTER
(Alex: You'll understand that category when we get into it.)
    $200 26
the Ganges

Mark
    $200 11
Calvin

Mark
    $200 1
Dolly Parton

Mark
    $200 6
(Mark: What is Lexington?)

Louisville

RobMark
    $200 16
the octopus

Mark
    $200 21
shave

Cara
    $400 27
Ruth

Cara
    $400 12
Bullwinkle

Mark
    $400 2
Gloria Estefan

Mark
    $400 7
(Mark: What is Columbus?)

Cleveland

Mark
Triple Stumper
    $400 17
the bumblebee

Cara
    $400 22
after hours

Mark
    $1,000 28
(Cara: [No response])

The Koran

Cara
    $600 13
Don Quixote

Rob
    $600 3
(Alex: Yes, isn't that fortuitous?!)

Irene Cara

Cara
    $1,000 8
(Rob: What is Susquehanna?)

Conestoga

Rob
    $600 18
the Portuguese man-of-war

Mark
    $600 23
shock

Rob
    $800 29
St. Francis Xavier

Triple Stumper
    $800 14
(Rob: Who is... Madagascar?)
(Alex: No, not old Mad!)

Prospero (from The Tempest)

Rob
Triple Stumper
    $800 4
Erykah Badu

Cara
    $800 9
Dallas & Fort Worth

Cara
    $800 19
the black mamba

Rob
    $800 24
(Alex: Minute to go.)

afterglow

Mark
    $1000 30
animism

Triple Stumper
    $1000 15
Dante Aligheri (The Divine Comedy)

Triple Stumper
    $1000 5
Eartha Kitt

Rob
    $1000 10
Oregon

Mark
    $1000 20
the brown recluse spider

Triple Stumper
    $1000 25
afterburner

Triple Stumper

Scores at the end of the Double Jeopardy! Round:

Cara Rob Mark
$4,300 $5,500 $5,200

[wagering suggestions for these scores]

Final Jeopardy! Round responses

-OLOGIES
CaraWhat is Theology?
$4,000
MarkWhat is Psychology?
$400
RobWhat is Geneology?
$5,400
Psychology

Final scores:

Cara Rob Mark
$300 $100 $5,600
2nd place: a trip to Singapore 3rd place: a Panasonic TV/VCR combo + a Showstopper hard disk recorder New champion: $5,600

Game dynamics:

Coryat scores:

Cara Rob Mark
$5,300 $5,700 $5,200
16 R,
1 W
(including 1 DD)
14 R
(including 1 DD),
2 W
(including 1 DD)
18 R,
5 W

Combined Coryat: $16,200

The J! Archive is created by fans, for fans. The Jeopardy! game show and all elements thereof, including but not limited to copyright and trademark thereto, are the property of Jeopardy Productions, Inc. and are protected under law. This website is not affiliated with, sponsored by, or operated by Jeopardy Productions, Inc. Join the discussion at JBoard.tv.